<?xml version="1.0" encoding="UTF-8"?>
<record
    xmlns:xsi="http://www.w3.org/2001/XMLSchema-instance"
    xsi:schemaLocation="http://www.loc.gov/MARC21/slim http://www.loc.gov/standards/marcxml/schema/MARC21slim.xsd"
    xmlns="http://www.loc.gov/MARC21/slim">

  <leader>00623nam a22001577a 4500</leader>
  <controlfield tag="003">OSt</controlfield>
  <controlfield tag="005">20161101160048.0</controlfield>
  <controlfield tag="008">161101b        xxu||||| |||| 00| 0 eng d</controlfield>
  <datafield tag="040" ind1=" " ind2=" ">
    <subfield code="c">RUA</subfield>
  </datafield>
  <datafield tag="082" ind1=" " ind2=" ">
    <subfield code="a">AGR MEN 2015 B521 Or.</subfield>
  </datafield>
  <datafield tag="100" ind1=" " ind2=" ">
    <subfield code="9">11095</subfield>
    <subfield code="a">MENG KIMHONG</subfield>
  </datafield>
  <datafield tag="245" ind1=" " ind2=" ">
    <subfield code="a">Yielding ability and Agronomic characters of several chilies promising lines; &#x179F;&#x1780;&#x17D2;&#x178F;&#x17B6;&#x1793;&#x17BB;&#x1796;&#x179B;&#x1791;&#x17B7;&#x1793;&#x17D2;&#x1793;&#x1795;&#x179B; &#x1793;&#x17B7;&#x1784;&#x179B;&#x1780;&#x17D2;&#x1781;&#x178E;&#x17C8;&#x1780;&#x17D2;&#x179F;&#x17C1;&#x178F;&#x17D2;&#x179A;&#x179F;&#x17B6;&#x179F;&#x17D2;&#x179A;&#x17D2;&#x178F;&#x179F;&#x17D2;&#x179A;&#x17A1;&#x17B6;&#x1799;&#x1798;&#x17D2;&#x1791;&#x17C1;&#x179F;&#x1795;&#x17D2;&#x179F;&#x17C1;&#x1784;&#x17D7;&#x1782;&#x17D2;&#x1793;&#x17B6;</subfield>
  </datafield>
  <datafield tag="260" ind1=" " ind2=" ">
    <subfield code="a">Phnom Penh</subfield>
    <subfield code="b">RUA</subfield>
    <subfield code="c">2015</subfield>
  </datafield>
  <datafield tag="300" ind1=" " ind2=" ">
    <subfield code="a">xi;44p;</subfield>
    <subfield code="b">ill;</subfield>
    <subfield code="c">29cm;</subfield>
  </datafield>
  <datafield tag="942" ind1=" " ind2=" ">
    <subfield code="2">ddc</subfield>
    <subfield code="c">AGR</subfield>
  </datafield>
  <datafield tag="999" ind1=" " ind2=" ">
    <subfield code="c">10669</subfield>
    <subfield code="d">10669</subfield>
  </datafield>
  <datafield tag="952" ind1=" " ind2=" ">
    <subfield code="0">0</subfield>
    <subfield code="1">0</subfield>
    <subfield code="2">ddc</subfield>
    <subfield code="4">0</subfield>
    <subfield code="6">AGR_MEN_2015_000000000000000_B521_OR_1</subfield>
    <subfield code="7">0</subfield>
    <subfield code="9">55409</subfield>
    <subfield code="a">LBB</subfield>
    <subfield code="b">LBB</subfield>
    <subfield code="c">B521</subfield>
    <subfield code="d">2016-11-01</subfield>
    <subfield code="l">1</subfield>
    <subfield code="o">AGR MEN 2015 B521 Or.1</subfield>
    <subfield code="p">A00423</subfield>
    <subfield code="r">2018-07-20</subfield>
    <subfield code="s">2018-07-16</subfield>
    <subfield code="w">2016-11-01</subfield>
    <subfield code="y">AGR</subfield>
  </datafield>
  <datafield tag="952" ind1=" " ind2=" ">
    <subfield code="0">0</subfield>
    <subfield code="1">0</subfield>
    <subfield code="2">ddc</subfield>
    <subfield code="4">0</subfield>
    <subfield code="6">AGR_MEN_2015_000000000000000_B521_OR_2</subfield>
    <subfield code="7">0</subfield>
    <subfield code="9">55410</subfield>
    <subfield code="a">LBB</subfield>
    <subfield code="b">LBB</subfield>
    <subfield code="c">B521</subfield>
    <subfield code="d">2016-11-01</subfield>
    <subfield code="l">1</subfield>
    <subfield code="o">AGR MEN 2015 B521 Or.2</subfield>
    <subfield code="p">A00572</subfield>
    <subfield code="r">2022-02-04</subfield>
    <subfield code="s">2022-01-24</subfield>
    <subfield code="w">2016-11-01</subfield>
    <subfield code="y">AGR</subfield>
  </datafield>
  <datafield tag="952" ind1=" " ind2=" ">
    <subfield code="0">0</subfield>
    <subfield code="1">0</subfield>
    <subfield code="2">ddc</subfield>
    <subfield code="4">0</subfield>
    <subfield code="6">AGR_MEN_2015_000000000000000_B521_OR_3</subfield>
    <subfield code="7">0</subfield>
    <subfield code="9">55411</subfield>
    <subfield code="a">LBB</subfield>
    <subfield code="b">LBB</subfield>
    <subfield code="c">B521</subfield>
    <subfield code="d">2016-11-01</subfield>
    <subfield code="o">AGR MEN 2015 B521 Or.3</subfield>
    <subfield code="p">RUA062601</subfield>
    <subfield code="r">2016-11-01</subfield>
    <subfield code="w">2016-11-01</subfield>
    <subfield code="y">AGR</subfield>
  </datafield>
  <datafield tag="952" ind1=" " ind2=" ">
    <subfield code="0">0</subfield>
    <subfield code="1">0</subfield>
    <subfield code="2">ddc</subfield>
    <subfield code="4">0</subfield>
    <subfield code="6">AGR_MEN_2015_000000000000000_B521_OR_4</subfield>
    <subfield code="7">0</subfield>
    <subfield code="9">55412</subfield>
    <subfield code="a">LBB</subfield>
    <subfield code="b">LBB</subfield>
    <subfield code="c">B521</subfield>
    <subfield code="d">2016-11-01</subfield>
    <subfield code="o">AGR MEN 2015 B521 Or.4</subfield>
    <subfield code="p">A02206</subfield>
    <subfield code="r">2016-11-01</subfield>
    <subfield code="w">2016-11-01</subfield>
    <subfield code="y">AGR</subfield>
  </datafield>
  <datafield tag="952" ind1=" " ind2=" ">
    <subfield code="0">0</subfield>
    <subfield code="1">0</subfield>
    <subfield code="2">ddc</subfield>
    <subfield code="4">0</subfield>
    <subfield code="6">AGR_MEN_2015_000000000000000_B521_OR_5</subfield>
    <subfield code="7">0</subfield>
    <subfield code="9">55413</subfield>
    <subfield code="a">LBB</subfield>
    <subfield code="b">LBB</subfield>
    <subfield code="c">B521</subfield>
    <subfield code="d">2016-11-01</subfield>
    <subfield code="o">AGR MEN 2015 B521 Or.5</subfield>
    <subfield code="p">A01844</subfield>
    <subfield code="r">2016-11-01</subfield>
    <subfield code="w">2016-11-01</subfield>
    <subfield code="y">AGR</subfield>
  </datafield>
  <datafield tag="952" ind1=" " ind2=" ">
    <subfield code="0">0</subfield>
    <subfield code="1">0</subfield>
    <subfield code="2">ddc</subfield>
    <subfield code="4">0</subfield>
    <subfield code="6">AGR_MEN_2015_000000000000000_B521_OR_6</subfield>
    <subfield code="7">0</subfield>
    <subfield code="9">55414</subfield>
    <subfield code="a">LBB</subfield>
    <subfield code="b">LBB</subfield>
    <subfield code="c">B521</subfield>
    <subfield code="d">2016-11-01</subfield>
    <subfield code="o">AGR MEN 2015 B521 Or.6</subfield>
    <subfield code="p">A01632</subfield>
    <subfield code="r">2016-11-01</subfield>
    <subfield code="w">2016-11-01</subfield>
    <subfield code="y">AGR</subfield>
  </datafield>
  <datafield tag="952" ind1=" " ind2=" ">
    <subfield code="0">0</subfield>
    <subfield code="1">0</subfield>
    <subfield code="2">ddc</subfield>
    <subfield code="4">0</subfield>
    <subfield code="6">AGR_MEN_2015_000000000000000_B521_OR_7</subfield>
    <subfield code="7">0</subfield>
    <subfield code="9">55415</subfield>
    <subfield code="a">LBB</subfield>
    <subfield code="b">LBB</subfield>
    <subfield code="c">B521</subfield>
    <subfield code="d">2016-11-01</subfield>
    <subfield code="o">AGR MEN 2015 B521 Or.7</subfield>
    <subfield code="p">A01744</subfield>
    <subfield code="r">2016-11-01</subfield>
    <subfield code="w">2016-11-01</subfield>
    <subfield code="y">AGR</subfield>
  </datafield>
  <datafield tag="952" ind1=" " ind2=" ">
    <subfield code="0">0</subfield>
    <subfield code="1">0</subfield>
    <subfield code="2">ddc</subfield>
    <subfield code="4">0</subfield>
    <subfield code="6">AGR_MEN_2015_000000000000000_B521_OR_8</subfield>
    <subfield code="7">0</subfield>
    <subfield code="9">55416</subfield>
    <subfield code="a">LBB</subfield>
    <subfield code="b">LBB</subfield>
    <subfield code="c">B521</subfield>
    <subfield code="d">2016-11-01</subfield>
    <subfield code="l">1</subfield>
    <subfield code="o">AGR MEN 2015 B521 Or.8</subfield>
    <subfield code="p">A00700</subfield>
    <subfield code="r">2022-01-10</subfield>
    <subfield code="s">2022-01-04</subfield>
    <subfield code="w">2016-11-01</subfield>
    <subfield code="y">AGR</subfield>
  </datafield>
</record>
